India education report : (Record no. 10653)

MARC details
000 -LEADER
fixed length control field 00571cam a2200217ua 4500
001 - CONTROL NUMBER
control field 11874
005 - DATE AND TIME OF LATEST TRANSACTION
control field 20260515114818.0
008 - FIXED-LENGTH DATA ELEMENTS--GENERAL INFORMATION
fixed length control field 191114n ii |||gr||||Z||||||eng
020 ## - INTERNATIONAL STANDARD BOOK NUMBER
International Standard Book Number 9780199474714
040 ## - CATALOGING SOURCE
Transcribing agency MAIN
041 ## - LANGUAGE CODE
Language code of text/sound track or separate title eng
082 ## - DEWEY DECIMAL CLASSIFICATION NUMBER
Classification number 370.954
100 ## - MAIN ENTRY--PERSONAL NAME
Personal name R Govinda,
Relator term Editor.
245 ## - TITLE STATEMENT
Title India education report :
Remainder of title progress of basic education /
Statement of responsibility, etc. Edited by R Govinda and Mona Sedwal .
250 ## - EDITION STATEMENT
Edition statement 1st ed.
260 ## - PUBLICATION, DISTRIBUTION, ETC.
Place of publication, distribution, etc. New Delhi:
Name of publisher, distributor, etc. Oxford,
Date of publication, distribution, etc. 2017.
300 ## - PHYSICAL DESCRIPTION
Extent 265p.
653 ## - INDEX TERM--UNCONTROLLED
Uncontrolled term Education
700 ## - ADDED ENTRY--PERSONAL NAME
Personal name Mona Sedwal,
Relator term Editor.,
942 ## - ADDED ENTRY ELEMENTS (KOHA)
Koha item type Books
Holdings
Withdrawn status Lost status Damaged status Not for loan Home library Current library Shelving location Date acquired Total checkouts Full call number Barcode Date last seen Copy number Price effective from Koha item type
        Naharkatiya College Library Naharkatiya College Library General stacks 09/19/2020   370.954 | IND 26982 09/19/2020 1 09/19/2020 Books